000 00800nam a2200217Ii 4500
003 JO-AjNU
008 230605s9999||||xx |||||||||||||| ||und||
017 _a1992/12/970
040 _aJO-AjNU
_bara
_erda
_cJO-AjNU
041 _aara
050 1 4 _aHJ191.A7 Z39 1993
100 3 _aتأليف ابراهيم، ابراهيم علي عبدالله ، م.مشارك انور العجارمة,
_eauthor
_937992
245 0 0 _aمبادىء المالية العامة
250 _aط3
264 3 1 _aعمان: دار صفاء للنشر والتوزيع، 1993
300 _a208ص
_bيحتوي على ببلوغرافية من 205-208ص
336 _atext
_btxt
_2rdacontent
337 _aunmediated
_bn
_2rdamedia
338 _avolume
_bnc
_2rdacarrier
650 4 _aالمالية العامة
_937993
999 _aA15924
_c19492
_d19492